Missing Word: Movie Misconceptions Quiz Stats

 Plays Quiz Updated Dec 8, 2017

Challenge
Share
Tweet
Embed
Score 0/20 Timer 08:00
0 Plays Today
Misconception Missing Word % Correct
A car can be blown up by shooting the ___ tank.Gas
97.9%
Hitting someone on their _____ can cure amnesia.Head
95.9%
An explosion can be created by dropping a lit _____ in gasoline.Cigarette
95.7%
Volcanos are safe as long as you don't touch the _____.Lava
94.7%
Undercover _____ have to identify themselves as such if asked.Police
93.9%
The government uses _____ serum to interrogate people.Truth
92.4%
You can tell a person is _____ because they are flailing in the water.Drowning
92.1%
Guns can be made quiet with a _____.Silencer
91.2%
You can get one phone call after being _____.Arrested
89.2%
Someone must be kept on the line to trace the location of a _____.Call
86.7%
Misconception Missing Word % Correct
The pin of a _____ can be pulled with someone's teeth.Grenade
85.5%
Skydivers can _____ to each other.Talk
84.3%
_____-based weapons fire as a beam.Laser
84%
It's more efficient to fire two _____ at the same time.Guns
78.1%
_____ on a rag can be held to someone's face to knock them out.Chloroform
74.3%
A ______ can be stopped by a car door.Bullet
72.3%
_____ can be heard in outer space.Sound
72%
A _____ can be shot open with a handgun.Lock
71.2%
The possibility of successfully navigating an _____ field is approximately 3,720 to one.Asteroid
41.4%
A _____ should be used whenever a patient is flatlining.Defibrillator
41.1%

Today's Daily Dose

Missing Word
TV HA - HZ

Word Ladder
Nordic Capital

On This Day
January 19th II

You're not logged in!

Compare scores with friends on all Sporcle quizzes.
OR
Log In

You Might Also Like...

Show Comments

Extras

Top Quizzes Today


Score Distribution

Your Account Isn't Verified!

In order to create a playlist on Sporcle, you need to verify the email address you used during registration. Go to your Sporcle Settings to finish the process.

Report this User

Report this user for behavior that violates our Community Guidelines.

Details: